01777cam a2200313 a 450000100090000000300040000900500170001300800410003001000170007102000290008804000180011704200080013505000250014308200210016808400450018924502130023426000430044730000340049050400640052452005630058865000360115165000370118765000250122465000300124965000620127965000480134165000410138970000330143016512420OSt20180117085941.0101021s2011 nyua b 001 0 eng  a 2010043260 a9780415991278 (hardback) aDLCcDLCdDLC apcc00aRJ505.C63bC648 201100a618.92/89142222 aPSY006000aPSY008000aPSY0360002bisacsh00aCognitive behavioral therapy for the busy child psychiatrist and other mental health professionals :brubrics and rudiments /cauthored by Robert D. Friedberg ... [et al.] ; illustrations by Jolene H. Garcia. aNew York :bBrunner-Routledge,cc2011. axvi, 380 p. :bill. ;c24 cm. aIncludes bibliographical references (p. 317-361) and index. a"Teaching Child Psychiatrists Cognitive Behavioral Therapy is an essential resource for clinical child psychologists, psychiatrists and psychotherapists, and mental health professionals. Since 2001, psychiatry residency programs have required resident competency in five specific psychotherapies, including cognitive-behavioral therapy. This unique text is a guidebook for instructors and outlines fundamental principles, while offering creative applications of technique to ensure that residency training programs are better equipped to train their staff"-- 0aCognitive therapy for children. 0aCognitive therapy for teenagers. 0aChild psychotherapy. 0aAdolescent psychotherapy. 7aPSYCHOLOGY / Psychotherapy / Child & Adolescent2bisacsh. 7aPSYCHOLOGY / Cognitive Psychology2bisacsh. 7aPSYCHOLOGY / Mental Health2bisacsh.1 aFriedberg, Robert D.,d1955-